00505nam a2200181Ia 4500008004100000020001700041040001900058041001200077082002400089100002200113245004800135260002600183300002000209504003200229650001400261651003000275850001800305131103s9999 xx 000 0 und d a0 41613760 1 aLoreto College aEnglish a372/ENTbLCBED/1461 aEntwistle, Harold aChild - Centred educationcHarold Entwistle aLondonbMethuenc1970 a222 p. c 22cm. aIncludes appendix and index aEducation aEducation - Child centred aLCBED/372/ENT